000 00663nam a2200205 a 4500
001 000044607
005 20201002045509.0
008 141209s2013 ve 000 p spa d
020 _a9789800119495
040 _aDO-SdBNP
_bspa
_cBNPHU
082 _aV861.44
_bA594a
100 1 _aAngulo, Luis Alberto
_972633
245 1 0 _aAntología del decir /
_cLuis Alberto Angulo.
260 _aCaracas, Venezuela :
_bMonte Ávila,
_c2013.
300 _a262 p. ;
_c20 cm.
500 _aIncluye datos biográficos del autor en la contraportada
650 4 _aPoesía venozelana
_972634
650 4 _aLiteratura venozelana
_972635
910 _aValidado. Control de calidad MFF
999 _c44096
_d44096